Kostenrechnung und Finanzierung für Urlaub am Bauernhof-Anbieter <Ein> Handbuch für die Praxis

Na minha lista:
Detalhes bibliográficos
Autor principal: Gattermayer, Fritz
Outros Autores: Burgstaller, Michaela, Wöber, Gertraud
Formato: Livro
Idioma:alemão
Publicado em: Graz Stocker 1996
Edição:1. Aufl.
Assuntos:
Tags: Adicionar Tag
Sem tags, seja o primeiro a adicionar uma tag!

MARC

LEADER 00000nam a2200000 4500
001 c017658
005 20221205125357.5
020 |a 3-7020-0762-8 
041 0 |a ger 
044 |a AT 
245 1 0 |a Kostenrechnung und Finanzierung für Urlaub am Bauernhof-Anbieter  |b <Ein> Handbuch für die Praxis  |c Fritz Gattermayer, Michaela Burgstaller, Gertraud Wöber 
250 |a 1. Aufl. 
264 1 |a Graz  |b Stocker  |c 1996 
300 |a 119 s. 
610 2 0 |a poradenstvo 
610 2 0 |a penzióny 
610 2 0 |a pohostinstvo 
610 2 0 |a turistika 
610 2 0 |a ruch cestovný 
610 2 0 |a dovolenka 
610 2 0 |a príjmy 
610 2 0 |a evidencia 
610 2 0 |a náklady 
610 2 0 |a účtovníctvo 
610 2 0 |a dane 
610 2 0 |a právo 
610 2 0 |a predpisy právne 
610 2 0 |a predpisy daňové 
610 2 0 |a zákony 
610 2 0 |a ceny 
610 2 0 |a politika cenová 
610 2 0 |a tvorba cien 
610 2 0 |a investície 
610 2 0 |a úver 
610 2 0 |a financie 
610 2 0 |a plánovanie 
610 2 0 |a hospodárstvo podniku finančné 
610 2 0 |a hotely 
610 2 0 |a Rakúsko 
100 1 |a Gattermayer, Fritz 
700 1 |a Burgstaller, Michaela 
700 1 |a Wöber, Gertraud